| 000 | 00788nam a2200229 i 4500 | ||
|---|---|---|---|
| 001 | 87490 | ||
| 003 | ES-MaACL | ||
| 007 | t| | ||
| 008 | 041222m19801983sp ||||1| spa d | ||
| 100 | 1 |
_aKolakowski, Leszek. _968507 |
|
| 245 | 1 | 4 |
_aLas principales corrientes del marxismo _b: su nacimiento, desarrollo y disolución / _cLeszek Kolakowski ; versión de Jorge Vigil. |
| 260 |
_a[Madrid] : _bAlianza, _c[1980-83] |
||
| 300 |
_a3 v. ; _c20 cm. |
||
| 490 | 1 |
_aAlianza universidad ; _v276-314 |
|
| 505 | 8 | _aContiene: V. I: Los fundadores. -- V. II: La edad de oro. -- V. III: La crisis | |
| 740 | 4 | _aLos fundadores. | |
| 740 | 3 | _aLa edad de oro. | |
| 740 | 3 | _aLa crisis. | |
| 830 | 0 |
_aAlianza universidad ; _v276-314 _9177276 |
|
| 852 |
_aES-MaACL _jL-5378-80 |
||
| 999 |
_c87490 _d87490 |
||